000 00650nam a2200205 i 4500
001 88137
003 ES-MaACL
005 20250823063045.0
007 t|
008 050103s1970 sp ||||1| spa d
100 1 _aLafuente Ferrari, Enrique,
_d1898-1985
_969538
245 1 0 _aOrtega y las artes visuales /
_cEnrique Lafuente Ferrari.
260 _aMadrid :
_bRevista de Occidente,
_c[1970]
300 _a250 p. ;
_c18 cm.
490 1 _aSelecta ;
_v37
600 1 4 _aOrtega y Gasset, José,
_d1883-1955-
_xCrítica e interpretación
_987505
830 1 _aSelecta ;
_v37
_9181890
852 _aES-MaACL
_jC-40302
999 _c88137
_d88137